<?xml version="1.0" encoding="UTF-8"?>
<record
    xmlns:xsi="http://www.w3.org/2001/XMLSchema-instance"
    xsi:schemaLocation="http://www.loc.gov/MARC21/slim http://www.loc.gov/standards/marcxml/schema/MARC21slim.xsd"
    xmlns="http://www.loc.gov/MARC21/slim">

  <leader>00680nam a2200205 i 4500</leader>
  <controlfield tag="001">C00036751c</controlfield>
  <controlfield tag="005">20241029144951.0</controlfield>
  <controlfield tag="008">981222s1925    be            000 0 fre d</controlfield>
  <datafield tag="080" ind1=" " ind2=" ">
    <subfield code="a">75(493)(042)</subfield>
  </datafield>
  <datafield tag="100" ind1="1" ind2=" ">
    <subfield code="a">Loo, Hulin de.</subfield>
    <subfield code="9">15960</subfield>
  </datafield>
  <datafield tag="245" ind1="1" ind2="0">
    <subfield code="a">Acad&#xE9;mie Royale de Belgique. Extrait des Bulletins de la Classe des Beaux-Arts ... </subfield>
    <subfield code="b">: Concours Annuel de 1925 / </subfield>
    <subfield code="c">rappor de Hulin de Loo.</subfield>
  </datafield>
  <datafield tag="260" ind1=" " ind2=" ">
    <subfield code="a">Bruxelles : </subfield>
    <subfield code="b">Marcel Hayez, </subfield>
    <subfield code="c">1925.</subfield>
  </datafield>
  <datafield tag="300" ind1=" " ind2=" ">
    <subfield code="a">11 p. ; </subfield>
    <subfield code="c">25 cm.</subfield>
  </datafield>
  <datafield tag="500" ind1=" " ind2=" ">
    <subfield code="a">Ded. autogr.</subfield>
  </datafield>
  <datafield tag="500" ind1=" " ind2=" ">
    <subfield code="a">Legado Allende-Salazar.</subfield>
  </datafield>
  <datafield tag="650" ind1=" " ind2=" ">
    <subfield code="a">Pintura flamenca-</subfield>
    <subfield code="v">Discursos, ensayos, conferencias.</subfield>
    <subfield code="9">90408</subfield>
  </datafield>
  <datafield tag="852" ind1="4" ind2="2">
    <subfield code="j">C-3408</subfield>
  </datafield>
  <datafield tag="952" ind1=" " ind2=" ">
    <subfield code="0">0</subfield>
    <subfield code="1">0</subfield>
    <subfield code="4">0</subfield>
    <subfield code="7">0</subfield>
    <subfield code="8">NOR</subfield>
    <subfield code="a">RABASF</subfield>
    <subfield code="b">RABASF</subfield>
    <subfield code="c">DP1</subfield>
    <subfield code="d">1998-12-22</subfield>
    <subfield code="e">D</subfield>
    <subfield code="l">0</subfield>
    <subfield code="o">C-3408</subfield>
    <subfield code="p">1038938</subfield>
    <subfield code="r">2024-10-15 09:29:48</subfield>
    <subfield code="w">2024-10-15</subfield>
    <subfield code="y">FONDOMODER</subfield>
  </datafield>
  <datafield tag="999" ind1=" " ind2=" ">
    <subfield code="c">35929</subfield>
    <subfield code="d">35929</subfield>
  </datafield>
</record>
